| 000 | 00556cam a2200193ua 4500 | ||
|---|---|---|---|
| 001 | 1755 | ||
| 008 | 110719n ii |||gr||||Z||||||eng | ||
| 040 | _cMAIN | ||
| 082 | _a337 | ||
| 100 |
_aed. by Harrod, Roy, _eAuthor. |
||
| 245 | 1 |
_aInternational trade theory in a developing world _ced. by Roy Harrod |
|
| 250 | _a1st. | ||
| 260 |
_aBombay: _bMacmillan & co ltd.,964. |
||
| 300 |
_axv; 570p: _bill; _c23cm. |
||
| 653 | _aEconomics | ||
| 653 | _ainternational trade theory in a developing world | ||
| 700 |
_aed by Hague, D. C., _eAuthor. |
||
| 942 | _cBK | ||
| 999 |
_c1639 _d1639 |
||